Statistieken voor Dierengeluiden

Klik hier om de quiz te nemen!

Algemene statistieken

  • Deze quiz is 397 keer genomen
  • De gemiddelde score is 10 van 11

Antwoordstatistieken

GeluidDier% Correct
KnorVarken
100%
BoeKoe
99%
WoefHond
98%
MiauwKat
98%
KwakEend
97%
PokKip
97%
KukelekuHaan
96%
SssSlang
96%
RoekoeDuif
92%
PiepMuis
91%
I-aEzel
87%

Scoreverdeling

Percentiel versus Aantal Correcte Antwoorden

Procent van Mensen met Elke Score

Uw Scoregeschiedenis

U heeft deze quiz nog niet genomen